000 01261nam0a22003011 4500
001 rc\4222777
005 20130416110030.1
021 _aRU
_b[68-70117]
035 _a(NLR Aleph) 008459883
090 _a7862562
_c7862562
100 _a20130416d1968 |||y0rusy50 ca
101 0 _arus
102 _aRU
105 _aa j |||||
200 1 _aОсновы автоматизации процессов свеклосахарного производства
_e[Учебник для техникумов пищевой пром-сти]
210 _aМосква
_cПищ. пром-сть
_d1968
215 _a424 с.
_cил.
_d22
300 _aПеред загл. авт.: М.Я. Азрилевич, Я.И. Барас, В.М. Эрлих
320 _aБиблиогр.: с. 416-421 (132 назв.)
606 _aСахарное производство
_xАвтоматизация
_jУчебники и пособия
_2psbo
700 1 _aАзрилевич
_bМ. Я.
_gМоисей Яковлевич
701 1 _aБарас
_bЯ. И.
_gЯков Исаакович
701 1 _aЭрлих
_bВ. М.
_gВладимир Михайлович
801 0 _aRU
_bNLR
_gpsbo
801 1 _aRU
_bELAR
_2rusmarc
852 _aNLR
_j68-5/4405
942 _cBOOK
980 _aNB